Statistiques concernant Les capitales d'Amérique centrale

Cliquez ici pour prendre le quiz!

Statistiques générales

  • Ce quiz a été pris 35 fois
  • Le résultat moyen est 6 sur 7

Statistiques - réponses

Réponse% Correct
Guatemala
97%
Panama
97%
Belmopan
91%
Tegucigalpa
88%
San Salvador
88%
Managua
84%
San José
84%

Distribution des résultats

Percentile par nombre de réponses

% des personnes avec chaque résultat

Votre développement - résultats

Vous n’avez pas pris ce quiz